Bosque del Agüil (Aguachica, Cesar), biodiversidad, educación ambiental y conservación / (Registro nro. 18134)

Detalles MARC
000 -CABECERA
Campo de control 01653nam a2200385 a 4500
005 - FECHA Y HORA DE LA ULTIMA TRANSACCION
Campo de control 20160215121206.0
008 - ELEMENTOS DE LONGITUD FIJA—INFORMACION GENERAL
Campo de control 130207s2012 ck a gr 00010 spa d
020 ## - ISBN
ISBN 9789587611984
040 ## - FUENTE DE CATALOGACIÓN
Agencia catalogadora original CO-BoBLA
Agencia transcriptora CO-BoBLA
Agencia Modificadora CO-BoIAVH
041 0# - IDIOMA
Código de idioma para texto/pista de sonido o título separado Español
044 ## - PAÍS DE PUBLICACIÓN
País de publicación Colombia
082 04 - NUMERO DE CLASIFICACION DECIMAL DEWEY
Número de clasificación 574.52
Número del ítem M33a4
245 10 - MENCION DE TITULO
Título Bosque del Agüil (Aguachica, Cesar), biodiversidad, educación ambiental y conservación /
Mención de responsabilidad editor J. Orlando Rangel-Ch. ; Orlando Rivera-D. ... [y otros 9].
260 ## - PUBLICACION, DISTRIBUCION, ETC. (PIE DE IMPRENTA)
Lugar de publicación, distribución, etc. Bogotá :
Nombre del editor, distribuidor, etc. Universidad Nacional de Colombia. Facultad de Ciencias. Instituto de Ciencias Naturales :
-- Corpocesar,
Fecha de publicación, distribución, etc. 2012.
300 ## - DESCRIPCION FISICA
Extensión 74 páginas :
Otros detalles físicos ilustraciones ;
Dimensiones 24 x 16 cm.
490 0# - MENCION DE SERIE
Mención de serie Colombia. Diversidad biótica ;
Designación numérica/secuencial del volumen 4
504 ## - NOTA DE BIBLIOGRAFIA, ETC.
Nota de bibliografía Incluye bibliografía.
650 #6 - ASIENTO SECUNDARIO DE MATERIA - TERMINO TEMATICO
Término temático o nombre geográfico como elemento de entrada Biodiversidad
Subdivisión geográfica Aguachica (Cesar, Colombia)
9 (RLIN) 59952
650 #6 - ASIENTO SECUNDARIO DE MATERIA - TERMINO TEMATICO
Término temático o nombre geográfico como elemento de entrada Fauna
Subdivisión geográfica Aguachica (Cesar, Colombia)
9 (RLIN) 59953
650 #6 - ASIENTO SECUNDARIO DE MATERIA - TERMINO TEMATICO
Término temático o nombre geográfico como elemento de entrada Flora
Subdivisión geográfica Aguachica (Cesar, Colombia)
9 (RLIN) 59954
650 #6 - ASIENTO SECUNDARIO DE MATERIA - TERMINO TEMATICO
Término temático o nombre geográfico como elemento de entrada Educación ambiental
Subdivisión geográfica Aguachica (Cesar, Colombia)
9 (RLIN) 59955
650 #4 - ASIENTO SECUNDARIO DE MATERIA - TERMINO TEMATICO
Término temático o nombre geográfico como elemento de entrada Conservación de los recursos
Subdivisión geográfica Aguachica (Cesar, Colombia)
9 (RLIN) 59956
700 1# - ASIENTO SECUNDARIO - NOMBRE PERSONAL
Nombre personal Rangel Ch., J. Orlando,
Término de relación editor
9 (RLIN) 59957
700 1# - ASIENTO SECUNDARIO - NOMBRE PERSONAL
Nombre personal Rivera-Díaz, Orlando.
9 (RLIN) 4622
700 1# - ASIENTO SECUNDARIO - NOMBRE PERSONAL
Nombre personal Rincón-Espitia, Angélica
9 (RLIN) 59958
700 1# - ASIENTO SECUNDARIO - NOMBRE PERSONAL
Nombre personal Arellano-Peña, Henry
9 (RLIN) 59959
700 1# - ASIENTO SECUNDARIO - NOMBRE PERSONAL
Nombre personal Carvajal-Cogollo, Juan E.
9 (RLIN) 59960
700 1# - ASIENTO SECUNDARIO - NOMBRE PERSONAL
Nombre personal Ávila de Navia, Sara
9 (RLIN) 59961
700 1# - ASIENTO SECUNDARIO - NOMBRE PERSONAL
Nombre personal Estupiñan Torres, Mónica
9 (RLIN) 59962
700 1# - ASIENTO SECUNDARIO - NOMBRE PERSONAL
Nombre personal Álvarez-Silva, Juan Pablo
9 (RLIN) 59963
700 1# - ASIENTO SECUNDARIO - NOMBRE PERSONAL
Nombre personal Ardila-Reyes, Magaly
9 (RLIN) 59964
700 1# - ASIENTO SECUNDARIO - NOMBRE PERSONAL
Nombre personal García-Castillo, Francisco
9 (RLIN) 59965
700 1# - ASIENTO SECUNDARIO - NOMBRE PERSONAL
Nombre personal García-G, Juan Diego
9 (RLIN) 59966
942 ## - ELEMENTOS ADICIONALES (KOHA)
Sistema de clasificación Dewey Decimal Classification
Tipo de ítem Libro
Existencias
Withdrawn status Lost status Sistema de Clasificación Damaged status No para préstamo Colección Inventariado Ubicación Permanente Ubicación actual Fecha de adquisición Fuente de Valor Valor Total Checkouts Número topográfico Inventario / Código de Barras Date last seen Ejemplar Price effective from Forma de adquisición Tipo de material
    Dewey Decimal Classification     General Inventariado 2017 Bogotá Bogotá 15/02/2016 Instituto 39000.00   LB-574.52 M33a4 039807 15/02/2016 Ej. 1 15/02/2016   Libro